| 000 | 00335nam a22001097a 4500 | ||
|---|---|---|---|
| 999 |
_c2862 _d2862 |
||
| 005 | 20200924160853.0 | ||
| 008 | 200924b ||||| |||| 00| 0 eng d | ||
| 040 | _cCML | ||
| 245 |
_aChambers's Encyclopedia (CAM-CON). _cGeorge Newne Ltd. |
||
| 260 |
_aLondon _bGeorge Newne Ltd. _c1959 |
||
| 942 |
_2ddc _cBK _eVol.3 _h032 _mREF |
||